00687nam a2200241 a 4500001001300000003000900013005001700022008004100039020000800080082001600088100002600104245002500130260004200155300000900197500003500206505001700241650001900258700002600277902000800303942000700311952011200318999001500430nice12345678IN_TiNIC20260116011533.0050524s1960 hyda grp 000 0 urd  ac300a491.43bZOR aZor, Muhiuddin Qadiri aHindustani Lisaniyat aHyderabadbIdara Bal Adab Sabhac1960 a160p aincludes index and biblioraphy2 aBibliography aUrdu-Philology1 aZor, Muhiuddin Qadiri bSRS cBK 001040708StackRoom-aHMIbHMId2007-06-07g3.00l0o491.43 ZORp03574r2007-06-07v3.00w2005-05-24yBK c2424d2424